00245nam a22000857a 4500082001900000100002000019245008200039260002900121300000900150 a327.1973 BAI'M aBALLY, THOMAS A aTHE MAN IN THE STREET THE IMPACT OF AMERICAN PUBLIC OPINION OF FOREIGN POLICY aNEWYORKbMACMILLANc1948 a334P